|
|
|
|
| LEADER |
01103nam a22003012a 4500 |
| 001 |
001210404 |
| 003 |
CZ BrMZK |
| 005 |
20120504180326.0 |
| 007 |
ta |
| 008 |
120504s1991 xr a er|||||||||||cze d |
| 015 |
|
|
|a cnb000065947
|
| 020 |
|
|
|a 80-204-0247-0
|q (brož.)
|
| 035 |
|
|
|a (OCoLC)29348820
|
| 040 |
|
|
|a ABA001
|b cze
|d ABA001
|
| 080 |
9 |
|
|a 885.0-31
|
| 100 |
1 |
|
|a Škvorecký, Josef,
|d 1924-2012
|7 jk01130413
|4 aut
|
| 245 |
1 |
0 |
|a Smutek poručíka Borůvky :
|b detektivní pohádka /
|c Josef Škvorecký ; [kresby na přebalu a v titulu Tomáš Bím]
|
| 250 |
|
|
|a 3. vyd., (V Mladé frontě 2.)
|
| 260 |
|
|
|a Praha :
|b Mladá fronta,
|c 1991
|
| 300 |
|
|
|a 248 s. ;
|c 20 cm
|
| 490 |
1 |
|
|a Smaragd ;
|v sv. 125
|
| 700 |
1 |
|
|a Bím, Tomáš,
|d 1946-
|7 jn99240000118
|4 ill
|
| 830 |
|
0 |
|a Smaragd (Mladá fronta)
|0 s
|
| 856 |
4 |
1 |
|u http://www.digitalniknihovna.cz/mzk/uuid/uuid:33ecb330-ab2b-11e2-8b87-005056827e51
|y Digitalizovaný dokument
|x NDK
|
| 910 |
|
|
|a BOA001
|b D-0976.006
|
| 990 |
|
|
|a BK
|
| 991 |
|
|
|b 201205
|
| 996 |
6 |
|
|b 2619535448
|c D-0976.006
|l MZK
|r Sklad / do 24 hodin
|n 0
|w 001244177
|u 000010
|a 1
|e BOA001
|j MZK50
|s P
|